00589 2200217 4500001002100000005001500021035002000036007000300056008004100059020001800100082001000118084001600128100001800144245007500162260004400237300003200281650001700313700001900330700001100349990001100360INLIS00000000000867520210428020212 a0010-0421000819ta210428 d 1 ind  a979-20-8000-7 a741.5 a741.5 EII o0 aEIICHIRO, Oda1 aOne Piece 35 /cEiichiro Oda;alih bahasa, Faira Ammadea;editor, Nining aJakarta :bElex Media Komputindo,c2006 a189 hlm. :bilus. ;c17 cm. 4aKOMIK.BACAAN0 aFAIRA, Ammadea0 aNINING a8197 a